NLSUI OPAC header image

Government and politics in the United States (Record no. 6885)

MARC details
000 -LEADER
fixed length control field 00448nam a2200157Ia 4500
008 - FIXED-LENGTH DATA ELEMENTS--GENERAL INFORMATION
fixed length control field 160316s1965 xxu||||| |||| 00| 0 eng d
082 ## - DEWEY DECIMAL CLASSIFICATION NUMBER
Classification number 320.973000
Item number HAT
100 ## - MAIN ENTRY--PERSONAL NAME
Personal name Hathorn Guy B
245 ## - TITLE STATEMENT
Title Government and politics in the United States
250 ## - EDITION STATEMENT
Edition statement 2nd
260 ## - PUBLICATION, DISTRIBUTION, ETC.
Place of publication, distribution, etc. New York
Name of publisher, distributor, etc. Divan Nostrand Co. Inc.
Date of publication, distribution, etc. 1965
300 ## - PHYSICAL DESCRIPTION
Extent 816p
Other physical details
Dimensions
365 ## - TRADE PRICE
Price amount Rs.
650 ## - SUBJECT ADDED ENTRY--TOPICAL TERM
Topical term or geographic name entry element 1. Politics - Government - U S A
700 ## - ADDED ENTRY--PERSONAL NAME
Personal name Renniman Howard R
-- Ferber Mark F
Holdings
Withdrawn status Lost status Damaged status Not for loan Home library Current library Shelving location Date acquired Total Checkouts Full call number Barcode Date last seen Price effective from Koha item type
        NLS NLS Library Compactors 30/05/2017   320.973 HAT 7096 30/05/2017 30/05/2017 BOOKs